| 000 | 01074cam a2200301 a 4500 | ||
|---|---|---|---|
| 999 |
_c1340 _d1340 |
||
| 001 | 16203476 | ||
| 003 | OSt | ||
| 005 | 20221228141952.0 | ||
| 008 | 100426s2011 ilua j b 001 0 eng | ||
| 010 | _a 2010016994 | ||
| 020 | _a9781432946661 (pbk.) | ||
| 040 |
_aDLC _cDLC _dDLC _dKH8 |
||
| 082 | 0 | 0 |
_a306.874 RIS _222 |
| 100 | 1 |
_aRissman, Rebecca. _eAuthor |
|
| 245 | 1 | 0 |
_aGrandparents / _cRebecca Rissman. |
| 260 |
_aChicago, Ill. : _bHeinemann Library, _cc2011. |
||
| 300 |
_a24 p. : _bcol. ill. ; _c18 X 21 cm. |
||
| 490 | 0 | _aFamilies | |
| 500 | _a"Level H" -- Cover p. [4]. | ||
| 504 | _aIncludes bibliographical references and index. | ||
| 505 | 0 | _aWhat is a family? -- What are families like? -- Who are grandparents? -- Different grandparents -- Family tree. | |
| 521 | _aPreK-1. | ||
| 650 | 0 |
_aGrandparents _vJuvenile literature. |
|
| 650 | 0 |
_aFamilies _vJuvenile literature. |
|
| 906 |
_a7 _bcbc _corignew _d1 _eecip _f20 _gy-gencatlg |
||
| 942 |
_2ddc _cNFIC |
||